banner-ar

APPROACHES AND METHDS IN LANGUAGE TEACHING LIBRARY / (Record no. 17794)

MARC details
000 -الفاتح
حقل البيانات ثابتة الطول 00464nam a2200169Ia 4500
008 - عناصر البيانات ثابتة الطول - معلومات عامة
حقل البيانات ثابتة الطول 140319s9999 xx 000 0 eng d
040 ## - مصدر الفهرسة
وكالة الفهرسة الأصلية GCL /
وكالة النسخ GCL
082 04 - رقم تصنيف ديوى العشرى
رقم التصنيف 418.007
رقم المادة R A
100 1# - المدخل الرئيسى - إسم شخصى
الإسم الشخصى RICHARDS, JACK C.
245 10 - بيان العنوان
العنوان APPROACHES AND METHDS IN LANGUAGE TEACHING LIBRARY /
بيان المسئوليه,etc RICHARDS, JACK C.
300 ## - الوصف المادى
التعداد 171 P
650 04 - المدخل الاضافى بالموضوع-مصطلح موضوعى
مصطلح موضوعي STUDY AND TEACHING
650 04 - المدخل الاضافى بالموضوع-مصطلح موضوعى
مصطلح موضوعي LANGUAGES
942 ## - عناصر المدخل الإضافي( كوها)
مصدر التصنيف او مخطط الترفيف Dewey Decimal Classification
Koha [default] item type كتاب
260 ## - PUBLICATION, DISTRIBUTION, ETC. (IMPRINT)
-- [S.N] :
-- COMBRIDGE UNIVERSITY PRESS
Holdings
حالة التراجع حالة الفقد حالة تلف ليس للاعارة المكان المؤقت الموقع الحالى تاريخ الاكتساب اجمالي اﻻعارات رقم الطلب الباركود تاريخ اخر مشاهدة تاريخ تفعيل السعر نوع وعاء كوها
        مكتبة القاهرة الكبرى مكتبة القاهرة الكبرى 03/26/2014   418.007\R A 32162 03/26/2014 03/26/2014 كتاب

Powered By

EGPV